01503nam a2200325 a 4500001001000000003000500010005001700015008004100032010001100073011001100084040000900095090001000104100004000114245020000154260004100354500006000395502010500455590004000560590004000600590004000640650007500680650003400755856007000789901000700859942001000866942000600876999001900882952014000901952013601041000111624CHAP20220329144222.0150622s2015 mx a |sm |||||||spa d a108085 a109057 cCHAP aTesis1 aGutiérrez Berroeta, Lilia912952710aProceso de la planeación municipal para el desarrollo sustentable; problemáticas y alternativas :h[En línea]bel caso del municipio de San Jaoquín, Qro. /cpor Lilia Gutiérrez Berrota. aChapingo, Méx. :bEl autor,c2015. aPara ver el contenido del material haga clic en la liga aTesis (M. C. en Desarrollo Rural Regional) -- UACH. Dirección de Centros Reginoales Universitarios aE5652GLJb05c20150622lUCH01h1214 aE5652GLJb05c20150622lUCH01h1216 aE5652GLJb05c20150622lUCH01h145014aDesarrollo sustentablexAdministración municipalzQueretaro.912954914aPlaneación regional.988700 aFinding aiduhttp://10.13.5.2/tesis/sist111624.pdfzTeclea aquí aBK cTESIS n0 c108085d108085 00102local4053708TESISaBCbBCcPA_TESISd2015-06-22fTESISl0oTesisp33724002495082r2019-12-31 00:00:00tc.2w2019-12-31yTESIS 00104054718TESISaBCbBCd2015-06-22fTESISl0oTesisp33724002495124r2019-12-31 00:00:00w2019-12-31yTESISzRecien adquirido